Größte Städte einst im Römischen Reich - Statistiken

Allgemein
  • Dieses Quiz wurde 6.772 mal gespielt
  • Das Durchschnittsergebnis liegt bei 12 aus 19
Antwortstatistiken
Bevölkerung Stadt % Korrekt
3.55 Mio. Rom
98%
11.2 Mio. Paris
90%
6.40 Mio. Madrid
84%
14.2 Mio. Istanbul
83%
14.3 Mio. London
82%
3.60 Mio. Athen
78%
16.7 Mio. Kairo
78%
5.15 Mio. Mailand
78%
4.70 Mio. Barcelona
76%
4.23 Mio. Neapel
67%
4.83 Mio. Köln / Düsseldorf
58%
5.10 Mio. Alexandria
57%
4.63 Mio. Ankara
56%
3.65 Mio. Algier
54%
3.65 Mio. Damaskus
40%
6.75 Mio. Bagdad
34%
4.15 Mio. Casablanca
31%
3.30 Mio. Amman
17%
4.08 Mio. Kuwait-Stadt
7%
Keine übereinstimmenden Quizze gefunden
Verteilung der Resultate
Anzahl Personen mit jedem Resultat
Perzentil nach korrekt beantworteten Fragen
Ihre Resultats-Entwicklung
Sie haben dieses Quiz noch nicht gespielt